| 000 | 01226nam a22003737a 4500 | ||
|---|---|---|---|
| 001 | 4786710 | ||
| 003 | OSt | ||
| 005 | 20210426100031.0 | ||
| 008 | 870728s1988 paua b 001 0 eng c | ||
| 010 | _a 87021432 | ||
| 020 | _a0397546580 | ||
| 040 |
_aDNLM/DLC _cDLC _deng _beng |
||
| 041 | _aeng | ||
| 050 | 1 | 0 |
_aRT98 _b.T87 1988 |
| 060 | _aWY 106 T948c | ||
| 080 |
_a614 _bT-95 |
||
| 082 | 0 | 0 |
_a610.73/43 _219 |
| 100 | 1 | _aTurner, Joan G. | |
| 245 | 1 | 0 |
_aCommunity health nursing : _ban epidemiologic perspective through the nursing process / _c/ by: J. B. Lippincott Company |
| 260 |
_aPhiladelphia : _bJ. B. Lippincott Company _cc1988. |
||
| 300 |
_axviii, 434 p. : _bill. (some col.) ; _c24 cm. |
||
| 504 | _aIncludes bibliographies and index. | ||
| 650 | 0 | _aCommunity health nursing. | |
| 650 | 0 |
_aPublic Health _9337 |
|
| 650 | 0 | _aEpidemiology. | |
| 650 | 2 | _aCommunity Health Nursing. | |
| 650 | 2 | _aEpidemiologic Methods. | |
| 650 | 2 | _aNursing Process. | |
| 653 | _aსაზოგადოებრივი ჯანდაცვა | ||
| 653 | _aეპიდემიოლოგია | ||
| 700 | 1 | _aChavigny, Katherine H. | |
| 906 |
_a7 _bcbc _corignew _d1 _eocip _f19 _gy-gencatlg |
||
| 942 |
_2udc _cBK |
||
| 999 |
_c880 _d880 |
||